Optimalizácia dopravy dielov v procese JIT vo vybranom podniku : Diplomová práca

Gespeichert in:
Bibliographische Detailangaben
1. Verfasser: Školárová, Zuzana, 1978- (Verfasst von)
Weitere Verfasser: Čambál, Miloš, 1966- (xxx)
Format: Manuskript Buch
Sprache:Slowakisch
Veröffentlicht: Trnava : STU v Bratislave MtF KPIM, 2006
Schlagworte:
Tags: Tag hinzufügen
Keine Tags, Fügen Sie das erste Tag hinzu!

MARC

LEADER 00000ntm a22000003a 4500
001 stu132454
005 20150617225918.5
008 061215s2006----xo------------------slo-d
040 |a STU  |b slo 
041 0 |a slo 
044 |a xo 
100 1 |a Školárová, Zuzana,  |d 1978-  |4 aut  |u M4000  |U MTF Materiálovotechnologická fakulta  |T MTF Ústav priemyselného inžinierstva a manažmentu  |X 19206  |U M4000  |Y 84  |7 A000019206 
245 1 |a Optimalizácia dopravy dielov v procese JIT vo vybranom podniku :  |b Diplomová práca 
260 |a Trnava :  |b STU v Bratislave MtF KPIM,  |c 2006 
300 |a 97 s  |c príl., 1 CD-ROM 
650 7 |a priemyselné inžinierstvo a manažment  |2 stusub 
650 7 |a logistika  |2 stusub 
700 1 |a Čambál, Miloš,  |d 1966-  |4 xxx  |u M4000  |U MTF Materiálovotechnologická fakulta  |T MTF Ústav priemyselného inžinierstva a manažmentu  |X 279  |U M4000  |Y 84  |7 A000000279 
996 |b 284M075415  |c M*DP-6487  |l MMSKP  |s P  |a 0  |w stu132454_0001